Collaborative governance for sustainable water resources management: the experience of the inter-municipal initiative for the integrated management of the Ayuquila river Basin, Mexico (Record no. 72464)

000 -LEADER
fixed length control field 00530pab a2200145 454500
008 - FIXED-LENGTH DATA ELEMENTS--GENERAL INFORMATION
fixed length control field 180718b2006 xxu||||| |||| 00| 0 eng d
100 ## - MAIN ENTRY--PERSONAL NAME
Personal name Montereo, Sergio Graf et al.
245 ## - TITLE STATEMENT
Title Collaborative governance for sustainable water resources management: the experience of the inter-municipal initiative for the integrated management of the Ayuquila river Basin, Mexico
260 ## - PUBLICATION, DISTRIBUTION, ETC.
Date of publication, distribution, etc. 2006
300 ## - PHYSICAL DESCRIPTION
Extent p.297-313.
362 ## - DATES OF PUBLICATION AND/OR SEQUENTIAL DESIGNATION
Dates of publication and/or sequential designation Oct
650 ## - SUBJECT ADDED ENTRY--TOPICAL TERM
Topical term or geographic name entry element Water resources management
773 ## - HOST ITEM ENTRY
Main entry heading Environment and Urbanization
909 ## -
-- 72464
Holdings
Withdrawn status Lost status Damaged status Not for loan Permanent Location Current Location Date acquired Serial Enumeration / chronology Barcode Date last seen Price effective from Koha item type
        Indian Institute of Public Administration Indian Institute of Public Administration 2018-07-19 Volume no: 18, Issue no: 2 AR72924 2018-07-19 2018-07-19 Articles

Powered by Koha